Statistics for Codes en vigueur

Click here to take the quiz!

General Stats

  • This quiz has been taken 2 times
  • The average score is 9 of 59

Answer Stats

HintAnswer% Correct
26Code de la santé publique
100%
50Code civil
50%
52Code de commerce
50%
54Code de la consommation
50%
45Code de l'action sociale et des familles
50%
6Code de la justice pénale des mineurs
50%
21Code de la propriété intellectuelle
50%
24Code de la route
50%
18Code de procédure civile
50%
19Code de procédure pénale
50%
29Code du service national
50%
43Code électoral
50%
39Code forestier
50%
36Code général des collectivités territoriales
50%
9Code monétaire et financier
50%
13Code pénal
50%
25Code rural et de la pêche maritime
50%
57Code de déontologie des architectes
0%
4Code de justice administrative
0%
5Code de justice militaire
0%
51Code de la commande publique
0%
55Code de la construction et de l'habitation
0%
56Code de la défense
0%
7Code de la Légion d'honneur, de la Médaille militaire et de l'ordre national du Mérite
0%
10Code de la mutualité
0%
22Code de la recherche
0%
46Code de l'artisanat
0%
27Code de la sécurité intérieure
0%
28Code de la sécurité sociale
0%
48Code de l'aviation civile
0%
35Code de la voirie routière
0%
44Code de l'éducation
0%
42Code de l'énergie
0%
41Code de l'environnement
0%
40Code de l'expropriation pour cause d'utilité publique
0%
11Code de l'organisation judiciaire
0%
34Code de l'urbanisme
0%
47Code des assurances
0%
53Code des communes de la Nouvelle-Calédonie
0%
2Code des impositions sur les biens et services
0%
3Code des juridictions financières
0%
15Code des pensions civiles et militaires de retraite
0%
16Code des pensions militaires d'invalidité et des victimes de guerre
0%
17Code des postes et des communications électroniques
0%
20Code des procédures civiles d'exécution
0%
23Code des relations entre le public et l'administration
0%
32Code des transports
0%
59Code disciplinaire et pénal de la marine marchande
0%
49Code du cinéma et de l'image animée
0%
12Code du patrimoine
0%
30Code du sport
0%
31Code du tourisme
0%
33Code du travail
0%
38Code général de la fonction publique
0%
37Code général de la propriété des personnes publiques
0%
1Code général des impôts
0%
8Code minier
0%
14Code pénitentiaire
0%
58
Code des douanes
0%

Score Distribution

Percentile by Number Answered

Percent of People with Each Score

Your Score History

You have not taken this quiz